人口40万人以上の市区(サドンデス) - Statistics

General Stats
  • This quiz has been taken 133 times
  • The average score is 6 of 12
Answers on the Grid
Answers color-coded by a green-red scale on the quiz's grid according to % correct below.
郡山市
宇都宮市
松戸市
川越市
柏市
板橋区
品川区
藤沢市
茅ヶ崎市
長野市
豊田市
富山市
枚方市
豊中市
尼崎市
高松市
松山市
長崎市
大分市
宮崎市
 
Answer Stats
Answer % Correct
宇都宮市
79%
松戸市
62%
柏市
51%
豊田市
46%
松山市
46%
板橋区
44%
藤沢市
43%
尼崎市
43%
大分市
41%
品川区
40%
富山市
40%
高松市
32%
No matching quizzes found
Score Distribution
Percent of People with Each Score
Percentile by Number Answered
Your Score History
You have not taken this quiz